Govt. of
Madhya Pradesh

150 Glorious Years Of Indian Railways (Record no. 16274)

MARC details
000 -LEADER
fixed length control field 005280000a22001930004500
001 - CONTROL NUMBER
control field 004383
003 - CONTROL NUMBER IDENTIFIER
control field MACL
005 - DATE AND TIME OF LATEST TRANSACTION
control field 20150802153908.0
008 - FIXED-LENGTH DATA ELEMENTS--GENERAL INFORMATION
fixed length control field 150802b xxu||||| |||| 00| 0 eng d
040 ## - CATALOGING SOURCE
Original cataloging agency MACL
Transcribing agency MACL
041 ## - LANGUAGE CODE
Language code of text/sound track or separate title English
082 ## - DEWEY DECIMAL CLASSIFICATION NUMBER
Classification number 385.375/VAI
100 ## - MAIN ENTRY--PERSONAL NAME
Personal name Vaidyanathan, K.R.
9 (RLIN) 4403
245 ## - TITLE STATEMENT
Title 150 Glorious Years Of Indian Railways
Statement of responsibility, etc. K.R. Vaidyanathan
260 ## - PUBLICATION, DISTRIBUTION, ETC. (IMPRINT)
Place of publication, distribution, etc. Mumbai
Date of publication, distribution, etc. 2000
Name of publisher, distributor, etc. English Edition Publishers & Distributers,
350 ## - PRICE (NR) (BK AM CF MU VM SE) [OBSOLETE]
Price 250
650 ## - SUBJECT ADDED ENTRY--TOPICAL TERM
Topical term or geographic name as entry element RailRoadTransport
9 (RLIN) 4393
942 ## - ADDED ENTRY ELEMENTS (KOHA)
Call number prefix 385
Koha item type Books
Source of classification or shelving scheme
Holdings
Withdrawn status Lost status Source of classification or shelving scheme Damaged status Not for loan Home library Current library Date acquired Cost, normal purchase price Total Checkouts Full call number Barcode Date last seen Uniform Resource Identifier Price effective from Koha item type
          MACL MACL 15/04/2015 250.00   385.375/VAI CRE016289 02/05/2024 16178 15/04/2015 Books